01402nam a22003137a 4500003000400000005001700004008004100021040002200062082001800084100002500102245003000127260006000157300002100217366000800238490002600246505002000272505005800292505009500350505025400445505001200699650005500711650004700766650004800813650004300861650004500904650005600949650004701005700003601052OSt20230616081202.0221006b |||||||| |||| 00| 0 eng d cBiblioteca Lado V a709.05bG851a aGriffin, Timeeditor aArtforum/bInternacional/ aNew Yorkc2004bNew York editorial and business offices c26.5x27cma234p. eeng aMayov2004x0864-1315 tEditor's Letter tCOLUMNSaPassages Film Architecture Sound Top Ten tPreviewaSummer 2004 Exhibitions US News From the Vault On the road International News tFeaturesaMany Happy Returns: The 2004 Whitney Biennial Continental Schrift: The Story of Interfunktion In Conversation: Dan Graham and Michael Smith 1000 Words: Matthew Barney Modern Style: "Fashioning Fiction" at MOMA Openings: Lara Favaretto tReviews 2Tesauro de Arte & ArquitecturaaARTE COMTEMPORANEO 2Tesauro de Arte & ArquitecturaaFOTOGRAFIA 2Tesauro de Arte & ArquitecturaaARTE VISUAL 2Tesauro de Arte & ArquitecturaaLIBROS 2Tesauro de Arte & ArquitecturaaNOTICIAS 2 Tesauro de Arte & ArquitecturaaARTE INTERNACIONAL 2 Tesauro de Arte & ArquitecturaaESCULTURA aNavarreta, Jose Antonioeeditor